Statistics for Confirmed 2020 candidates

Click here to take the quiz!

General Stats

  • This quiz has been taken 14 times
  • The average score is 5 of 17

Answer Stats

State/ Territory Candidate % Correct
OklahomaElizabeth Warren
92%
CaliforniaKamala Harris
83%
New JerseyCork Booker
75%
American SamoaTulsi Gabbard
58%
New YorkDonald Trump
58%
TexasJulian Castro
58%
New YorkAndrew Yang
50%
New JerseyJohn Delaney
42%
TexasMarianna Williamson
17%
CaliforniaAdam Kokesh
0%
GeorgiaRobby Wells
0%
OhioJoe Schriner
0%
CaliforniaKen Ndwike Jr.
0%
CaliforniaHarry Braun
0%
CaliforniaBrian T Caroll
0%
MarylandArvin Vohra
0%
MassachusettsVermin Supreme
0%

Score Distribution

Percentile by Number Answered

Percent of People with Each Score

Your Score History

You have not taken this quiz